| 000 | 02059nam a2200421 i 4500 | ||
|---|---|---|---|
| 003 | EG-ScBUE | ||
| 005 | 20230507091407.0 | ||
| 006 | m||||fq||h 00| 0 | ||
| 008 | 100512t2006 njua f 001 0 eng d | ||
| 020 | _a0471751758 (pbk.) | ||
| 020 | _a9780471751755 | ||
| 035 | _a(CStRLIN)PASGA3120470-B | ||
| 035 | _a(PSt) (Sirsi) a3120470 | ||
| 040 |
_aEG-ScBUE _beng _erda _cEG-ScBUE _dEG-ScBUE |
||
| 082 | 0 | 4 |
_a778.5930285536 _bDRO _222 |
| 100 | 1 |
_aDroblas, Adele, _eauthor. _913883 |
|
| 245 | 1 | 0 |
_aAdobe Premiere Pro 2 Bible / _cAdele Droblas and Seth Greenberg. |
| 264 | 1 |
_aHoboken, NJ : _bWiley publishing, _c[2006] |
|
| 264 | 4 | _cc2006 | |
| 300 |
_axxxii, 781 pages : _billustrations ; _c24 cm + _e1 CD |
||
| 336 |
_2rdacontent _asounds _bsnd |
||
| 336 |
_2rdacontent _atext _btxt |
||
| 337 |
_2rdamedia _aaudio _bs |
||
| 337 |
_2rdamedia _aunmediated _bn |
||
| 338 |
_2rdacarrier _acomputer disc _bcd |
||
| 338 |
_2rdacarrier _avolume _bnc |
||
| 500 | _aIncludes index. | ||
| 538 | _aSystem requirements for accompanying DVD-ROM: Windows XP; PC with Intel Pentium 4, 1.4GHz processor or faster.; at least 512MB of RAM installed on your computer, 1GB or more is recommended; Microsoft Windows XP Professional or XP Home Edition with Service Pack 2 installed.; 800MB of available hard-disk space for installation; additional hard-disk space is required for project files and to install all software on the DVD; DVD drive is required for installation; DVD recordable drive - DVD+R - is required to burn DVDs using Premiere Pro; QuickTime 6 is required to load the QuickTime tutorial files. | ||
| 590 | _ayassmeen ashraf | ||
| 650 | 7 |
_aMotion pictures _xEditing _xData processing. _2BUEsh _913884 |
|
| 650 | 7 |
_aDigital video _xEditing _xData processing. _2BUEsh _913885 |
|
| 651 | _2BUEsh | ||
| 653 |
_bCOMSCI _cAugust2014 |
||
| 655 | _vReading book | ||
| 700 | 1 |
_aGreenberg, Seth, _eauthor. _913886 |
|
| 856 | 4 | 2 |
_3Publisher description _uhttp://www.loc.gov/catdir/enhancements/fy0629/2005936639-d.html |
| 942 |
_cBB _k778.5930285536 DRO _2ddc |
||
| 999 |
_c5819 _d5819 |
||